00653nam a2200181Ia 4500008004100000040001800041041000800059100003300067245007200100260003700172300005000209490006800259500005800327500002200385650002400407650001500431650002500446130821s1959 sp a gr spa  aCo-BoUCMbspa aspa1 aSampedro, José Luisd1917-10aRealidad económica y análisis estructuralcJosé Luis Sampedro aMadrid (España)bAguilarc1959 axvi, 277 páginasbilustraciones, gráficas 0aBiblioteca de Ciencias Sociales.aSección Primera: Economía aEl ejemplar No.2 es Donación Dr. Álvaro Daza Roa. aIncluye índice.04aCiclos económicos04aEconomía04aTeoría económica